Pearl Jam Song Titles by Synonyms - Statistics

General Stats
  • This quiz has been taken 84 times
  • The average score is 10 of 16
Answer Stats
Synonym Song % Correct
Jeremiah Jeremy
97%
Not Dead Yet Alive
96%
Pitch-Dark Black
94%
Female Offspring Daughter
85%
Grin Smile
75%
Superior Guy Better Man
74%
Uniform Current Even Flow
64%
Perform the Mutation Do the Evolution
61%
Let Go Release
60%
Whirl the Vinyl Disc Spin the Black Circle
57%
Ribbed Fabric Corduroy
51%
Prone to Take Wing Given to Fly
51%
Front Veranda Porch
51%
Eternal Life Immortality
43%
Global Self-Destruction World Wide Suicide
36%
Apathy Indifference
21%
No matching quizzes found
Score Distribution
Percent of People with Each Score
Percentile by Number Answered
Your Score History
You have not taken this quiz